| 000 | 00628nam a2200229Ia 4500 | ||
|---|---|---|---|
| 008 | 160803s9999 xx 000 0 und d | ||
| 020 | _a9780531124079 | ||
| 100 | _aKummer, Patricia | ||
| 245 | 4 | _aThe telephone / | |
| 245 | _cPatricia K. Kummer. | ||
| 260 | _aNew York : | ||
| 260 | _bFranklin Watts, | ||
| 260 | _c2006 | ||
| 300 | _a80 pages : | ||
| 300 | _billustrations (some color) ; | ||
| 300 | _c24 cm. | ||
| 440 | _aInventions that shaped the world. | ||
| 500 | _aIncludes bibliographical references (p. 75) and index. | ||
| 650 | _aTelephone -- | ||
| 650 | _xJuvenile literature. | ||
| 700 | _a1010 | ||
| 999 |
_c299166 _d299166 |
||